MARC details
| 000 -LEADER |
| campo de control de longitud fija |
01390cam a2200289 i 4500 |
| 001 - NÚMERO DE CONTROL |
| campo de control |
130330 |
| 003 - IDENTIFICADOR DE NÚMERO DE CONTROL |
| campo de control |
ES-MaACL |
| 005 - FECHA Y HORA DE LA ÚLTIMA TRANSACCIÓN |
| campo de control |
20250729063220.0 |
| 008 - DATOS DE LONGITUD FIJA--INFORMACIÓN GENERAL |
| campo de control de longitud fija |
211229s1978 sp f s000 0bspa |
| 080 ## - NÚMERO DE LA CLASIFICACIÓN DECIMAL UNIVERSAL |
| Número de la Clasificación Decimal Universal |
75 Pereda, Antonio (083.824) |
| 080 ## - NÚMERO DE LA CLASIFICACIÓN DECIMAL UNIVERSAL |
| Número de la Clasificación Decimal Universal |
75.034.7(460.27 M.)(083.824) |
| 245 00 - MENCIÓN DEL TÍTULO |
| Título |
D. Antonio de Pereda (1611-1678) y la pintura madrileña de su tiempo : |
| Resto del título |
[exposición] Salas de Exposiciones del Palacio de Bibliotecas y Museos, Madrid, diciembre 1978- enero-1979 / |
| Mención de responsabilidad, etc. |
[preparación, estudio preliminar y catálogo, Alfonso E. Pérez Sánchez] |
| 260 ## - PUBLICACIÓN, DISTRIBUCIÓN, ETC. |
| Lugar de publicación, distribución, etc. |
[Madrid] : |
| Nombre del editor, distribuidor, etc. |
Patronato Nacional de Museos, |
| Fecha de publicación, distribución, etc. |
[1978] |
| 300 ## - DESCRIPCIÓN FÍSICA |
| Extensión |
[124] páginas, [78] páginas de láminas (negro y color) ; |
| Dimensiones |
25 cm |
| 500 ## - NOTA GENERAL |
| Nota general |
Índice de artistas |
| 504 ## - NOTA DE BIBLIOGRAFÍA, ETC. |
| Nota de bibliografía, etc. |
Bibliografía |
| 600 14 - PUNTO DE ACCESO ADICIONAL DE MATERIA--NOMBRE DE PERSONA |
| Nombre de persona |
Pereda, Antonio de, |
| Fechas asociadas al nombre |
1611-1678- |
| Subdivisión de forma |
Exposiciones |
| 9 (RLIN) |
173957 |
| 650 #4 - PUNTO DE ACCESO ADICIONAL DE MATERIA--TÉRMINO DE MATERIA |
| Término de materia o nombre geográfico como elemento de entrada |
Pintura barroca- |
| Subdivisión geográfica |
Madrid (Comunidad Autónoma) |
| 9 (RLIN) |
151263 |
| 655 #7 - TERMINO DE INDIZACIÓN--GENERO/FORMA |
| Datos o término principal de género/forma |
Catálogos de exposiciones |
| Fuente del término |
tgfbne |
| 9 (RLIN) |
193628 |
| 700 1# - ENTRADA AGREGADA--NOMBRE PERSONAL |
| Nombre de persona |
Pereda, Antonio de, |
| Fechas asociadas al nombre |
1611-1678 |
| Término indicativo de función/relación |
Artista |
| 9 (RLIN) |
173958 |
| 700 1# - ENTRADA AGREGADA--NOMBRE PERSONAL |
| Nombre de persona |
Pérez Sánchez, Alfonso E., |
| Fechas asociadas al nombre |
1935-2010 |
| Término indicativo de función/relación |
Editor literario |
| 9 (RLIN) |
91143 |
| 710 2# - ENTRADA AGREGADA--NOMBRE DE ENTIDAD CORPORATIVA |
| Nombre de entidad corporativa o nombre de jurisdicción como elemento de entrada |
Patronato Nacional de Museos (España) |
| Término indicativo de función/relación |
Editor |
| -- |
Sede |
| 9 (RLIN) |
6192 |
| 852 4# - LOCALIZACIÓN |
| Ubicación |
ES-MaACL |
| Sublocalización o colección |
R.152354 |
| Ubicación en estantería |
Depósito 1 |
| Signatura antigua |
Olim: N-7825 |
| Donativo/Legado |
Donación: Patronato Nacional de Museos |
| Número de control de estantería |
A-14825 |
| itemnumber |
135086 |
| 942 ## - ELEMENTOS DE ENTRADA SECUNDARIOS (KOHA) |
| Fuente del sistema de clasificación o colocación |
Clasificación decimal universal |
| Tipo de ítem Koha |
Libro impreso |
| Suprimir en OPAC |
No |